000 00281nam a2200121Ia 4500
008 190802s9999 xx 000 0 und d
020 _a978-0-582-53942-6
100 _aSusan Conrad
245 0 _aStudent Grammar
260 _aEngland
_bLongman
_c2013
300 _a140:p
942 _cBK
999 _c2548
_d2548